Statistics for Oscar Actresses 2000-2023

Click here to take the quiz!

General Stats

  • This quiz has been taken 27 times
  • The average score is 29 of 48

Answer Stats

HintAnswer% Correct
2001-Erin BrockovichJulia Roberts
92%
2012-The Iron LadyMeryl Streep
92%
2011-Black SwanNatalie Portman
92%
2002-Monsters BallHalle Berry
88%
2000-Boys Don’t CryHilary Swank
88%
2005-Million Dollar BabyHilary Swank
88%
2013-Silvers Lining PlaybookJennifer Lawrence
88%
2020-JudyRenée Zellweger
88%
2004-Cold MountainRenée Zellweger
88%
2014-Blue JasmineCate Blanchett
85%
2005-The AviatorCate Blanchett
85%
2017-La La LandEmma Stone
85%
2007-The QueenHelen Mirren
85%
2010-The Blind SideSandra Bullock
85%
2009-The ReaderKate Winslet
81%
2003-ChicagoCatherine Zeta-Jones
77%
2018-Three Billboards Outside Ebbing MissouriFrances McDormand
77%
2021-NomadlandFrances McDormand
77%
2006-Walk The LineReese Witherspoon
77%
2004-MonsterCharlize Theron
73%
2007-DreamgirlsJennifer Hudson
69%
2019-The FavouriteOlivia Colman
69%
2015-Still AliceJulianne Moore
65%
2000-Girl InterruptedAngelina Jolie
62%
2013-Lés MisérablesAnne Hathaway
62%
2003-The HoursNicole Kidman
62%
2017-FencesViola Davis
62%
2016-RoomBrie Larson
58%
2023-Everything Everywhere All At OnceMichelle Yeoh
54%
2023-Everything Everywhere All At OnceJamie Lee Curtis
50%
2022-The Eyes Of Tammy FayeJessica Chastain
50%
2008-La Vie En RoseMarion Cotillard
50%
2009-Vicky Christina BarcelonaPenelope Cruz
50%
2002-A Beautiful MindJennifer Connelly
42%
2014-12 Years Of SlaveLupita Nyongo
42%
2012-The HelpOctavia Spencer
38%
2020-Marriage StoryLaura Dern
35%
2019-If Beale Street Could TalkRegina King
31%
2018-I TonyaAllison Janney
27%
2022-West Side StoryAriana DeBose
27%
2006-Constant GardenerRachel Weisz
27%
2016-The Danish GirlAlicia Vikander
23%
2011-The FighterMelissa Leo
23%
2010-PreciousMoNique
23%
2015-BoyhoodPatricia Arquette
23%
2008-Michael ClaytonTilda Swinton
23%
2001-PollockMarcia Gay Harden
15%
2021-MinariYuh-Jung Youn
8%

Score Distribution

Percentile by Number Answered

Percent of People with Each Score

Your Score History

You have not taken this quiz